Quem mora na floresta ? (Registo nº 2113)

Detalhes MARC
000 -Etiqueta do registo
Cabeçalho 00672nam a22002411 4500
005 - Identificador da versão
Campo de controlo 20240813121925.0
100 ## - Dados gerais de processamento
Dados gerais de processamento 19980901d1967 m y0pory500305 ba
102 ## - Pais de publicação ou produção
País de publicação Portugal
101 0# - Língua de publicação
Língua do texto, banda sonora, etc. Português
215 ## - Descrição física 
Indicação específica da natureza do documento e extensão da espécie 10 fl.
Outras indicações físicas il.
Dimensões 21 cm
200 1# - Titulo e menção de responsabilidade
Título próprio Quem mora na floresta ?
Primeira menção de responsabilidade ilustrações de Romain Simon
225 2# - Colecção 
Título próprio da colecção Álbuns maravilhosos
Indicação de volume 12
210 ## - Publicação, Distribuição, etc. 
Lugar da edição, distribuição, etc. Lisboa
Nome do editor, distribuidor, etc. Editorial Aster
Data da publicação, distribuição, etc. 1967
300 ## - Notas gerais 
Texto da nota Tiragem 4000 ex.
606 ## - Nome comum usado como assunto
Número de registo de entrada de autoridade 0000001
Palavra de ordem Literatura estrangeira infantil
Subdivisão de assunto Conto
675 ## - Classificação Decimal Universal (CDU)
Notação 82-34
Edição
Língua da edição por
702 #1 - Nome de autor-pessoa física (responsabilidade secundária)
Número de registo de entrada de autoridade 0000858
Palavra de ordem Simon
Outra parte do nome não tomada para palavra de ordem Romain
Código de função Ilustrador / Técnico de desenho computorizado
942 ## - Elementos de entrada adicionados (Koha)
Tipo de item no Koha Livro
Exemplares
Situação do levantamento Origin of item (home branch) (coded) Biblioteca de empréstimo Código de barras Cota Circulation type (not for loan) Tipo de documento Nota do exemplar Damaged status
  Biblioteca Escolar da Coca Maravilhas Biblioteca Escolar da Coca Maravilhas BECM1998/93 8EST SIM   Livro Sem mensagem